Budaya kerja cemerlang

Bibliographic Details
Main Author: Noraini Ahmad
Corporate Author: Title
Format: Book
Published: Kuala Lumpur : Utusan Publication & Distributor , 2004
Series:Siri motivasi dan kecemerlangan utusan
Subjects:

MARC

LEADER 00000cam a2200000 7i4500
001 0000012861
005 20080103.0
008 080103
020 |a 9676114324 
090 0 0 |a 358.3124   |b NOR 
100 0 |a Noraini Ahmad 
245 1 0 |a Budaya kerja cemerlang   |c Noraini Ahmad 
260 |a Kuala Lumpur :   |b Utusan Publication & Distributor ,   |c 2004 
440 |a Siri motivasi dan kecemerlangan utusan 
650 0 |a Career development 
650 0 |a Personal management 
650 0 |a Personality development 
710 1 |a Title 
999 |a 0001010703   |b Book   |c Adult Collection   |e Perbadanan Perpustakaan Awam Johor 
999 |a 0001010704   |b Book   |c Adult Collection   |e Perbadanan Perpustakaan Awam Johor 
999 |a 0001010705   |b Book   |c Adult Collection   |e Perbadanan Perpustakaan Awam Johor 
999 |a 0001034424   |b Book   |c Adult Collection   |e Desa - PPAJ 
999 |a 0001034480   |b Book   |c Adult Collection   |e Desa - PPAJ